• 首页
  • 本馆介绍
  • 公告通知
  • 最新文献
  • 馆藏检索
  • 电子资源
  • 读者导购
  • 参考咨询
  • 我的图书馆
  • 登录
  • 详细信息显示
  • 放入我的书架
  • 预约/预借图书
  • 作者相关作品
  • 分类相关作品
  • 丛书相关作品
  • 出版社相关作品

书目信息

  • 表格格式
  • 工作单格式
  • 卡片格式
题名:
电工电学的理论与应用研究
    
 
作者: 罗刘敏 , 赤娜 著
分册:  
出版信息: 成都   电子科技大学出版社  2017.12
页数: 320页
开本: 26cm
丛书名:
单 册:
中图分类: TM1 , TN01
科图分类:
主题词: 电工技术--研究 , 电子学--研究
电子资源:
ISBN: 978-7-5647-5396-2
000 00930nam0 2200253 450
001 5391
005 20181015164507.86
010    @a978-7-5647-5396-2@dCNY74.00
100    @a20180819d2017 em y0chiy50 ea
101 0  @achi
102    @aCN@b510000
105    @aak z 000yy
200 1  @a电工电学的理论与应用研究@9dian gong dian xue de li lun yu ying yong yan jiu@f罗刘敏,赤娜著
210    @a成都@c电子科技大学出版社@d2017.12
215    @a320页@c图@d26cm
300    @a河南省教育技术装备与实践教育研究项目(项目编号:No.GZS310;No.GZS390) 周口师范学院教育教学改革项目(项目编号:No.J2016051) 周口师范学院青年基金项目(项目编号:No.ZKNUB315214) 周口师范学院本项目应用类重点项目(项目编号:No.ZKNUB2201702)
606 0  @a电工技术@x研究
606 0  @a电子学@x研究
690    @aTM1@v5
690    @aTN01@v5
701  0 @a罗刘敏@9luo liu min@4著
701  0 @a赤娜@9chi na@4著
801  0 @aCN@b91MARC@c20180819
905    @aMuseLib@dTM1@e170
    
    电工电学的理论与应用研究/罗刘敏,赤娜著.-成都:电子科技大学出版社,2017.12
    320页:图;26cm
    河南省教育技术装备与实践教育研究项目(项目编号:No.GZS310;No.GZS390) 周口师范学院教育教学改革项目(项目编号:No.J2016051) 周口师范学院青年基金项目(项目编号:No.ZKNUB315214) 周口师范学院本项目应用类重点项目(项目编号:No.ZKNUB2201702)
    
    ISBN 978-7-5647-5396-2:CNY74.00
    
●
相关链接 在E读中查询图书 在五车中查询图书 在当当中查询图书 在豆瓣中查询图书


正题名:电工电学的理论与应用研究     索取号:TM1/170         预约/预借

序号 登录号 条形码 馆藏地/架位号 状态 备注
1 1129480   211294801   第二样本阅览室/ [索取号:TM1/170] 在馆    
2 1129481   211294810   第三借阅区/ [索取号:TM1/170] 在馆    
3 1129482   211294829   第三借阅区/ [索取号:TM1/170] 在馆    
4 1129483   211294838   第三借阅区/ [索取号:TM1/170] 在馆    
5 1129484   211294847   第三借阅区/ [索取号:TM1/170] 在馆    
唐山师范学院图书馆 欢迎您!
大连网信软件有限公司© 版权所有